| 000 | 00562nam a22001337a 4500 | ||
|---|---|---|---|
| 040 | _cRUA | ||
| 082 | _aAGR HEA 2015 B538 Or.1 | ||
| 100 | _aHEANG PHEN; ហ៊ាង ផេន | ||
| 245 | _aEffect of rice Husk biochar application on celery cabbage; ឥទ្ធិពលនៃការប្រើប្រាស់ធ្យូងអង្គាមកម្រិតខុសៗគ្នាលើដំណាំស្ពៃចង្កឹះ | ||
| 260 |
_aPhnom Penh _bRUA _c2015 |
||
| 300 |
_aviii; 32p; _bill; _c29cm; |
||
| 856 | _uHEANG PHEN | ||
| 942 | _cAGR | ||
| 999 |
_c10921 _d10921 |
||